| 000 | 01080cam a2200313 i 4500 | ||
|---|---|---|---|
| 001 | 18101741 | ||
| 003 | EG-ScBUE | ||
| 005 | 20230110100100.0 | ||
| 008 | 140403t2012 cauc f 000 0 eng d | ||
| 020 | _a9781600582776 | ||
| 020 | _a160058277X | ||
| 040 |
_aBTCTA _beng _erda _cBTCTA _dUKMGB _dBDX _dBKL _dGO9 _dCGP _dCQA _dOCLCF _dDLC _dEG-ScBUE |
||
| 082 | 0 | 4 |
_a751.422 _bHAB _222 |
| 100 | 1 |
_aHabets, Peggi, _eauthor. _937959 |
|
| 245 | 1 | 0 |
_aPortraits / _cby Peggi Habets. |
| 246 | 3 | 4 |
_aPortraits : _bdiscover dynamic techniques for creating lifelike heads and faces in watercolor |
| 264 | 1 |
_aIrvine, CA : _bWalter Foster Publishing, _c[2012] |
|
| 264 | 4 | _cc2012 | |
| 300 |
_a64 pages : _bportraits ; _c24 cm. |
||
| 336 |
_2rdacontent _atext _btxt |
||
| 337 |
_2rdamedia _aunmediated _bn |
||
| 338 |
_2rdacarrier _avolume _bnc |
||
| 490 | 0 |
_aWatercolor made easy ; _vWME7 |
|
| 650 | 7 |
_aWatercolor painting _xTechnique. _2BUEsh _937929 |
|
| 650 | 7 |
_aPortrait painting _xTechnique. _2BUEsh _937958 |
|
| 653 |
_bCOMAME _cMay2015 |
||
| 655 | _vReading book | ||
| 942 |
_2ddc _k751.422 HAB _cBB |
||
| 999 |
_c19324 _d19296 |
||